Catálogo
 En Linea

Feria del libro y la cultura Juan de Jesús Reyes: (Registro nro. 52382)

Detalles MARC
000 -CABECERA
campo de control de longitud fija 01291nam a2200265 a 4500
003 - IDENTIFICADOR DEL NÚMERO DE CONTROL
campo de control DO-SdBNP
005 - FECHA Y HORA DE LA ÚLTIMA TRANSACCIÓN
campo de control 20220915090607.0
007 - CAMPO FIJO DE DESCRIPCIÓN FÍSICA--INFORMACIÓN GENERAL
campo de control de longitud fija ta
008 - DATOS DE LONGITUD FIJA--INFORMACIÓN GENERAL
campo de control de longitud fija 220913e1989 dr ||||gr|||| 00| 0 spa d
040 ## - FUENTE DE LA CATALOGACIÓN
Centro catalogador/agencia de origen DO-SdBNP
Lengua de catalogación spa
Centro/agencia transcriptor BNPHU
082 #4 - NÚMERO DE LA CLASIFICACIÓN DECIMAL DEWEY
Número de edición 22
Número de documento/Ítem F356l
111 2# - ENTRADA PRINCIPAL--NOMBRE DE CONGRESO/REUNIÓN
Nombre de congreso/reunión o jurisdicción como elemento de entrada Feria del Libro y la Cultura Juan de Jesús Reyes
Número del congreso/reunión o número de parte o sección (1ra.
Fecha del congreso/reunión 1989 : 9 al 17 de septiembre
Sede del congreso/Lugar de la reunión Mao, Valverde)
9 (RLIN) 82355
240 10 - TÍTULO UNIFORME
Título uniforme Fiestas patronales de Santa Cruz
245 10 - MENCIÓN DE TÍTULO
Título Feria del libro y la cultura Juan de Jesús Reyes:
Resto del título programa
260 ## - PUBLICACIÓN, DISTRIBUCIÓN, ETC.
Lugar de publicación, distribución, etc. Valverde Mao, República Dominicana :
Nombre del editor, distribuidor, etc. Comisión Organizadora Permanente de la Feria Nacional del libro,
Fecha de publicación, distribución, etc. 1989
300 ## - DESCRIPCIÓN FÍSICA
Extensión [10] p. ;
Dimensiones 21 cm.
500 ## - NOTA GENERAL
Nota general Incluye dibujo de Juan de Jesús Reyes en la portada.
590 ## - NOTA LOCAL (RLIN)
Nota local Inventariado 2022 / MF
611 ## - PUNTO DE ACCESO ADICIONAL DE MATERIA--NOMBRE DE REUNIÓN/CONGRESO
Nombre de congreso/reunión o jurisdicción como elemento de entrada Feria del Libro y la Cultura Juan de Jesús Reyes
Fecha del congreso/reunión (1989 :
Sede del congreso/Lugar de la reunión Mao, Valverde, República Dominicana).
Subdivisión general Programas
9 (RLIN) 82356
710 1# - PUNTO DE ACCESO ADICIONAL--NOMBRE DE ENTIDAD CORPORATIVA
9 (RLIN) 53438
Nombre de entidad corporativa o nombre de jurisdicción como elemento de entrada Comisión Organizadora Permanente de la Feria Nacional del Libro (República Dominicana).
710 1# - PUNTO DE ACCESO ADICIONAL--NOMBRE DE ENTIDAD CORPORATIVA
9 (RLIN) 55772
Unidad subordinada Asociación para el Desarrollo de la Provincia Valverde Mao (República Dominicana).
710 ## - PUNTO DE ACCESO ADICIONAL--NOMBRE DE ENTIDAD CORPORATIVA
9 (RLIN) 80854
Nombre de entidad corporativa o nombre de jurisdicción como elemento de entrada Comisión Organizadora Permanente de la Feria Libro y la Cultura, Mao, Valverde (República Dominicana).
910 ## - DATOS DE OPCIÓN DEL USUARIO (OCLC)
Datos de opción del usuario Mfeliz
942 ## - ELEMENTOS DE PUNTO DE ACCESO ADICIONAL (KOHA)
Fuente del sistema de clasificación o colocación Dewey Decimal Classification
Tipo de ítem Koha Folleto
Existencias
Estado de retiro Estado de pérdida Fuente del sistema de clasificación o colocación Restricciones de uso No para préstamo Código de colección Localización permanente Ubicación/localización actual Ubicación en estantería Fecha de adquisición Fuente de adquisición Total de préstamos Signatura topográfica completa Código de barras Fecha visto por última vez Precio válido a partir de Tipo de ítem Koha
    Dewey Decimal Classification Excluido de préstamo   Patrimonio Dominicano Biblioteca Nacional Pedro Henríquez Ureña Biblioteca Nacional Pedro Henríquez Ureña En catalogación 04.04.2019 Donado por Maritza Pérez Gimbernard   F356l 2022-3921 13.09.2022 13.09.2022 Folleto

Con tecnología Koha